01882cam a2200385 a 4500001000500000005001700005020001800022040008100040050001300121082001500134100002800149245014900177250004500326260003700371300006100408505000800469520016100477521002000638521002000658650007800678650007000756650006500826650005600891650006200947650006101009650005301070650005701123650004901180650004401229650004001273650004101313650005201354650004401406700004601450358020240321121859.0 a9780545342551 aDLCcDLCdQBXdBTCTAdBAKERdIK2dTEFdEHHdXL4dYDXCPdIADdOCLCAdDLCbeng00aF697.R4400a363.2820921 aNelson, Vaunda Micheaux10aBad news for outlaws :bthe remarkable life of Bass Reeves, deputy U.S. marshal /cVaunda Micheaux Nelson ; illustrations by R. Gregory Christie aFirst Scholastic printing , January 2011 aNew York : bScholastic , c2009 a44 unnumbered pages : bcolor illustrations , c28 cm .  aZ  aThis biography profiles the life of Bass Reeves, a former slave who was recruited as a deputy United States Marshal in the area that was to become Oklahoma.8 a860 bLexile 8 aZ bRaz-Plus  0aUnited States marshalszIndian TerritoryvBiographyvJuvenile literature. 0aUnited States marshalszOklahomavBiographyvJuvenile literature. 0aAfrican AmericanszOklahomavBiographyvJuvenile literature. 0aFreedmenzOklahomavBiographyvJuvenile literature. 0aFrontier and pioneer lifezOklahomavJuvenile literature. 0aOutlawszIndian TerritoryxHistoryvJuvenile literature. 0aOutlawszOklahomaxHistoryvJuvenile literature. 1aUnited States marshalszIndian TerritoryvBiography. 1aUnited States marshalszOklahomavBiography. 1aAfrican AmericanszOklahomavBiography. 1aFreed personszOklahomavBiography. 1aFrontier and pioneer lifezOklahoma. 1aRobbers and outlawszIndian TerritoryxHistory. 1aRobbers and outlawszOklahomaxHistory.1 aChristie, R. Gregoryd1971-eillustrator